000 00647nam a2200217Ia 4500
005 20250508153107.0
008 008 250505s9999 xx 000 0 eng d
037 _aTextual
040 _aFEDL
_beng
_cFEDL
041 _aeng
_2eng
084 _a001.422, GOO
_qFEDL
100 _aGoon Atindramohan
_9763158
245 0 _aFundamentals of statistics
260 _aCalcutta, India
_bThe World Press Private Limited
_c1962
300 _axii,401p.
365 _aINR
_b15
650 _aStatistical Methods
700 _a Gupta Milankumar Dasgupta Bhangabat
_9763159
942 _cTEXL
_h001.422, GOO
999 _c1340658
_d1340658